Noob knowledge chain - Statistics

General Stats
  • This quiz has been taken 29 times
  • The average score is 14 of 20
Answer Stats
Hint Answer % Correct
Things that NASA launches into the sky Rocket
100%
Who teaches at school? Teacher
100%
Capital of United Kingdom London
96%
Rick Astley - ________ Gonna Give You Up Never
96%
Danube, Amazon, Nile, etc. River
92%
The continent where Japan is located Asia
85%
Basically sweets Candy
73%
The colour of grass and leaves in summer Green
73%
Ketchup and _________ Mustard
69%
One of the military organization: Army, __________, Air Force Navy
69%
Helpers of Santa Claus (Hint: it's also a name of a Christmas movie) Elf
65%
Australian animals (not the kangaroo, another one) Koala
65%
There are a lot of these in a forest Tree
65%
Where Greenland is part of Denmark
62%
What #BLM is doing against Racism
58%
A fancy name for North Pole Arctic
50%
Rubber Eraser
50%
What UFC is basically about Fighting
50%
Milk like desert, creamy thing Yogurt
38%
Another word for match or competition Race
23%
No matching quizzes found
Score Distribution
Percent of People with Each Score
Percentile by Number Answered
Your Score History
You have not taken this quiz